All cities and towns in the Noord-Holland province - Statistieken

Algemene statistieken
  • Deze quiz is 19 keer genomen
  • De gemiddelde score is 72 van 162
Antwoordstatistieken
Population Name of city/town % Correct
931.298 Amsterdam
93%
40.790 Den Helder
93%
95.014 Amstelveen
87%
7.390 Edam
87%
18.895 Enkhuizen
87%
167.636 Haarlem
87%
51.655 Hoorn
87%
82.635 Purmerend
87%
92.690 Alkmaar
80%
94.435 Hilversum
80%
79.650 Hoofddorp
80%
14.930 Julianadorp
80%
22.590 Volendam
80%
80.705 Zaandam
80%
33.279 Aalsmeer
73%
12.705 Bergen
73%
40.515 Beverwijk
73%
10.190 Bovenkarspel
73%
60.230 Heerhugowaard
73%
1.605 Petten
73%
19.495 Schagen
73%
23.355 Castricum
67%
32.977 Diemen
67%
27.593 Heemstede
67%
1.735 Marken
67%
18.425 Naarden
67%
26.655 Uithoorn
67%
22.080 Weesp
67%
17.510 Zwaag
67%
24.510 Assendelft
60%
14.455 Badhoevedorp
60%
6.775 Bloemendaal
60%
33.745 Bussum
60%
1.377 De Koog
60%
2.470 Den Oever
60%
4.635 Egmond aan Zee
60%
39.452 Heemskerk
60%
24.312 Heiloo
60%
41.193 Huizen
60%
32.360 IJmuiden
60%
11.439 Laren
60%
8.680 Medemblik
60%
4.745 Schoorl
60%
13.400 Uitgeest
60%
5.075 Akersloot
53%
7.200 Andijk
53%
12.485 Blaricum
53%
2.400 Callantsoog
53%
7.211 Den Burg
53%
17.010 Krommenie
53%
10.415 Landsmeer
53%
31.595 Nieuw-Vennep
53%
5.960 Obdam
53%
1.845 Sint Maarten
53%
13.745 Wormer
53%
12.585 Wormerveer
53%
16.505 Zandvoort
53%
4.865 Aerdenhout
47%
8.655 Anna Paulowna
47%
3.770 Breezand
47%
2.810 Broek in Waterland
47%
1.510 De Noord
47%
5.165 Hippolytushoef
47%
8.595 Hoogkarspel
47%
1.080 Kolhorn
47%
5.570 Middenbeemster
47%
4.290 Middenmeer
47%
9.855 Monnickendam
47%
5.080 Muiden
47%
3.885 Oudkarspel
47%
2.620 't Zand
47%
5.470 Velsen-Noord
47%
2.160 Velsen-Zuid
47%
4.335 Venhuizen
47%
2.730 Waarland
47%
6.030 Warmenhuizen
47%
6.115 Wieringerwerf
47%
2.205 Wijk aan Zee
47%
3.505 Winkel
47%
2.040 Abbekerk
40%
6.090 Broek op Langedijk
40%
4.395 De Rijp
40%
3.195 Driehuis
40%
4.835 Duivendrecht
40%
3.435 Egmond aan den Hoef
40%
2.515 Egmond-Binnen
40%
2.605 Halfweg
40%
9.694 Oostzaan
40%
2.150 Opmeer
40%
2.000 Opperdoes
40%
8.895 Ouderkerk aan de Amstel
40%
7.270 Santpoort-Noord
40%
3.385 Santpoort-Zuid
40%
2.105 Schagerbrug
40%
2.195 Slootdorp
40%
1.090 Twisk
40%
14.935 Velserbroek
40%
4.865 Vijfhuizen
40%
8.130 Wervershoof
40%
2.425 Wieringerwaard
40%
8.035 Zwanenburg
40%
1.020 Beinsdorp
33%
2.655 Berkhout
33%
3.815 De Goorn
33%
7.750 Limmen
33%
2.525 Midwoud
33%
1.400 Onderdijk
33%
3.555 Spaarndam
33%
1.500 Spierdijk
33%
1.515 Wijdenes
33%
6.385 Wognum
33%
1.220 Abbenes
27%
3.455 Avenhorn
27%
5.460 Bennebroek
27%
1.040 Bentveld
27%
1.765 Cruquius
27%
1.200 De Cocksdorp
27%
4.806 De Kwakel
27%
1.835 Ilpendam
27%
2.540 Koedijk
27%
11.230 Koog aan de Zaan
27%
9.230 Kudelstaart
27%
2.270 Lutjebroek
27%
2.945 Muiderberg
27%
5.580 Nederhorst den Berg
27%
2.600 Nibbixwoud
27%
5.855 Noord-Scharwoude
27%
3.525 Oosthuizen
27%
1.572 Oudeschild
27%
5.945 Sint Pancras
27%
2.135 Stompetoren
27%
2.995 Ursem
27%
2.260 Vogelenzang
27%
1.830 Westwoud
27%
5.085 Westzaan
27%
8.485 Zaandijk
27%
6.680 Zuid-Scharwoude
27%
1.520 Ankeveen
20%
3.695 Bakkum
20%
4.580 Blokker
20%
1.585 Hem
20%
1.610 Hensbroek
20%
6.645 Kortenhoef
20%
3.320 Nieuwe Niedorp
20%
9.330 Nieuw-Loosdrecht
20%
1.565 Oosterblokker
20%
4.516 Overveen
20%
4.330 Rijsenhout
20%
2.260 't Veld
20%
2.033 Wijdewormer
20%
4.400 Zuidoostbeemster
20%
2.160 Zwaanshoek
20%
1.301 Oosterend
13%
1.260 Schermerhorn
13%
1.390 's-Graveland
13%
3.880 Tuitjenhorn
13%
1.695 Dirkshorn
7%
1.690 Driemond
7%
3.400 Lisserbroek
7%
1.165 Neck
7%
2.325 Oud-Loosdrecht
7%
1.265 Zwaagdijk-Oost
7%
Geen overeenkomende quizzen gevonden
Scoreverdeling
Procent van Mensen met Elke Score
Percentiel versus Aantal Correcte Antwoorden
Uw Scoregeschiedenis
U heeft deze quiz nog niet genomen